| 000 | 02294nam a22003851i 4500 | ||
|---|---|---|---|
| 003 | SA-RiAUC | ||
| 005 | 20250114070328.0 | ||
| 008 | 250108s1988 qa g 00000 ara c | ||
| 040 |
_aSA-RiAUC _bara _cSA-RiAUC _erda |
||
| 082 | 0 | 4 |
_a237.3 _qSA-RiAUC |
| 090 |
_a237.3 _bا ب ن م |
||
| 100 | 1 |
_aابن مبارك، فيصل بن عبد العزيز بن فيصل، _d1313-1376 هجري _eمؤلف. |
|
| 245 | 1 | 2 |
_aالمجموعة الجليلة : _bتحتوي علي مختصر الكلام علي بلوغ المرام، محاسن الدين علي متن الأربعين، مقام الرشاد بين التقليد والاجتهاد / _cتأليف فيصل بن عبد العزيز بن مبارك ؛ عني بطبعة ونشره عبد الله بن إبراهيم الأنصاري. |
| 264 | 1 |
_aالدوحة : _bدار إحياء التراث الإسلامي، _c1988 |
|
| 300 |
_a471 صفحة ؛ _c26 سم |
||
| 336 |
_aنص _btxt _2rdacontent _3كتاب |
||
| 337 |
_aبدون وسيط _bn _2rdamedia |
||
| 338 |
_aمجلد _bnc _2rdacarrier |
||
| 650 | 7 |
_aالحديث _xجمع وتدوين _2aucsh |
|
| 650 | 7 |
_aالحديث _xجوامع الفنون _2aucsh |
|
| 650 | 7 |
_aالحديث _xشرح _2aucsh |
|
| 650 | 7 |
_aالحديث _xأحكام _2aucsh |
|
| 700 | 1 |
_aالأنصاري، عبد الله بن إبراهيم، _d1333-1410 هجري _eمحقق. |
|
| 700 | 1 | 2 |
_aالنووي، يحيى بن شرف بن مري، _d631-676 هجري |
| 700 | 1 | 2 |
_aآل مبارك، فيصل بن عبد العزيز بن فيصل، _d1313-1376 هجري _tمحاسن الدين علي متن الأربعين. |
| 700 | 1 | 2 |
_aابن حجر العسقلاني، أحمد بن علي بن محمد، _d773-852 هجري |
| 700 | 1 | 2 |
_aآل مبارك، فيصل بن عبد العزيز بن فيصل، _d1313-1376 هجري _tمقام الرشاد بين التقليد والاجتهاد. |
| 740 | 2 | 2 | _aالأربعين النووية. |
| 740 | 0 | 2 | _aبلوغ المرام من أدلة الأحكام. |
| 740 | 0 | 2 | _aمختصر الكلام علي بلوغ المرام. |
| 740 | 0 | 2 | _aمحاسن الدين علي متن الأربعين. |
| 740 | 0 | 2 | _aمقام الرشاد بين التقليد والاجتهاد. |
| 942 |
_2ddc _cBOOK _n0 |
||
| 949 |
_aSA-JeALM _d250108 _umohamedma123 _n1 |
||
| 999 |
_c4724 _d4724 |
||